000 00434nam a2200181Ia 4500
008 100917s9999 xx 000 0 und d
082 _b21427
100 _aNora Beioft
245 _aThe General Says No. 1
260 _b---
300 _a180
365 _b3.8
520 _aइंग्रजी
630 _aThe General Says No. 1
650 _aइंग्रजी
730 _aThe General Says No. 1
942 _cBOOK
999 _c626821
_d626818